K člověku a Bohu v Kristu 1 : nástin katolické dogmatiky. Díl I., část 1., Cesta člověka k Bohu a Boha k člověku před Kristem / Wincenty Granat
Record details
- Physical Description: 290 s. ; 19 cm
- Publisher: Řím : Velehrad : 1981
Content descriptions
| General Note: | Přeloženo z polštiny |
Search for related items by subject
| Subject: | katolická dogmatika křesťanská antropologie christologie Bůh a člověk |
| Genre: | monografie |
Search for related items by series
Available copies
- 2 of 2 copies available at Common Catalog SPOK.
Holds
- 0 current holds with 2 total copies.
Show Only Available Copies
| Location | Call Number / Copy Notes | Barcode | Shelving Location | Status | Due Date |
|---|---|---|---|---|---|
| Jabok Library | ST-3.2 | 424480009082 | Odborná literatura | Available | - |
| Jabok Library | ST-3.2 | 424480009091 | Odborná literatura | Available | - |
| LDR | 01490cam a2200397 a 4500 | ||
|---|---|---|---|
| 001 | 5118 | ||
| 003 | CZ-PrJAB | ||
| 005 | 20160229104635.0 | ||
| 007 | ta | ||
| 008 | 140612s1981 it f 000 0 cze d | ||
| 020 | . | ‡q(Brož.) | |
| 035 | . | ‡a(CZ PrSKC)zpk20142587174 | |
| 040 | . | ‡aABD064 ‡bcze ‡dABD064 ‡dABA001 | |
| 041 | 1 | . | ‡acze ‡hpol |
| 072 | 7. | ‡a27-1/-2 ‡xKřesťanská teologie. Dogmatická teologie ‡2Konspekt ‡95 | |
| 080 | . | ‡a272-284 ‡2MRF | |
| 080 | . | ‡a27-18 ‡2MRF | |
| 080 | . | ‡a27-284 ‡2MRF | |
| 080 | . | ‡a27-184 ‡2MRF | |
| 080 | . | ‡a(048.8) ‡2MRF | |
| 100 | 1 | . | ‡aGranat, Wincenty, ‡d1900-1979 ‡7mzk2003211196 ‡4aut |
| 245 | 1 | 0. | ‡aK člověku a Bohu v Kristu 1 : ‡bnástin katolické dogmatiky. ‡nDíl I., část 1., ‡pCesta člověka k Bohu a Boha k člověku před Kristem / ‡cWincenty Granat |
| 246 | 3 | 0. | ‡aCesta člověka k Bohu a Boha k člověku před Kristem |
| 260 | . | ‡aŘím : ‡bVelehrad : ‡bKřesťanská akademie, ‡c1981 | |
| 300 | . | ‡a290 s. ; ‡c19 cm | |
| 490 | 1 | . | ‡aNáboženská edice Křesťanské akademie ; ‡vsv. 69 |
| 500 | . | ‡aPřeloženo z polštiny | |
| 650 | 0 | 7. | ‡akatolická dogmatika ‡7ph114890 ‡2czenas |
| 650 | 0 | 7. | ‡akřesťanská antropologie ‡7ph122088 ‡2czenas |
| 650 | 0 | 7. | ‡achristologie ‡7ph115015 ‡2czenas |
| 650 | 0 | 7. | ‡aBůh a člověk ‡7ph116953 ‡2czenas |
| 655 | 7. | ‡amonografie ‡7fd132842 ‡2czenas | |
| 830 | 0. | ‡aNáboženská edice Křesťanské akademie | |
| 910 | . | ‡aABG312 | |
| 901 | . | ‡a5118 ‡bUnknown ‡c5118 ‡tbiblio | |